Responses for Show #6772 - Tuesday, February 11, 2014

2014 College Championship quarterfinal game 2.

Contestants

[<< previous game]

Cameron Kim, a senior at Duke University from Riverview, Florida

Ben Juster, a senior at UCLA from Woodland Hills, California

Laurie Beckoff, a sophomore from the University of Chicago from Hollis Hills, New York

[next game >>]

Jeopardy! Round responses

HARD TO DEFINE
RECENT TV
SOLVE FOR x
JUST A WORD BEFORE GOING
MINI
HA HA
    $200 26
genius

Triple Stumper
    $200 17
S.H.I.E.L.D.

Cameron
    $200 16
120

Ben
    $200 1
(Cameron: Who is Browning?)

(Emily) Dickinson

BenCameron
    $200 6
the iPad mini

Cameron
    $200 11
giggle

Laurie
    $400 27
bullying

Cameron
    $400 22
Modern Family

Ben
    $400 18
6

Cameron
    $400 2
Nelson

Cameron
    $400 7
Lilliput

Ben
    $400 12
sides

Laurie
    $600 28
justice

Cameron
    $600 23
Sleepy Hollow

Ben
    $600 19
8

Cameron
    $1,000 3
(Karl) Marx

Cameron
    $600 8
mote

Triple Stumper
    $600 13
quietly to myself

Cameron
    $800 29
post-modernism

Laurie
    $800 24
The Walking Dead

Ben
    $800 20
(Cameron: [Long pause] What is 13?)

-4

Cameron
Triple Stumper
    $800 4
Picasso

Laurie
    $800 9
smallpox

Laurie
    $800 14
the aisles

Triple Stumper
    $1000 30
(Alex: The movie was called [*]--the [*] girl.)

it

Triple Stumper
    $1000 25
American Horror Story: Coven

Ben
    $1000 21
(Cameron: What is... X = 8?)

X = 1

LaurieCameron
    $1000 5
Charles II

Ben
    $1000 10
minuscule

Ben
    $1000 15
a cackle

Cameron

Scores at the first commercial break (after clue 15):

Laurie Ben Cameron
$2,200 $2,600 $3,000

Scores at the end of the Jeopardy! Round:

Laurie Ben Cameron
$4,000 $5,600 $3,400

Double Jeopardy! Round responses

KING ME
RHYME TIME
U.S. GEOGRAPHY
"S"PORTS TALK
19th CENTURY BOOKS & AUTHORS
OCCUPATIONS
    $400 12
the Olympics

Laurie
    $400 26
pink ink

Ben
    $400 4
Little Rock

Ben
    $400 1
a shootout

Laurie
    $400 2
(Lewis) Carroll

Cameron
    $400 17
chauffeur

Laurie
    $1,000 18
Mussolini

Laurie
    $800 27
a purse curse

Laurie
    $800 5
the Chesapeake

Cameron
    $800 3
(Ben: What is a stopping block, er sor-, what is [*]?)
(Alex: Yes. Good for you. You corrected yourself in time.)

a starting block

Ben
    $800 13
(Cameron: Who is Jules Verne?)

H.G. Wells

BenCameron
    $800 22
a boilermaker

Cameron
    $1200 19
Louis XIV

Cameron
    $1200 28
(Cameron: What's an icy--?)

an icicle bicycle

LaurieCameron
    $1200 9
the Great Plains

Ben
    $1200 6
a safety

Cameron
    $1200 14
(Alex: Yeah, you were just one clue early.)

Jules Verne

Cameron
    $1200 23
architect

Cameron
    $1600 20
Prussia

Ben
    $1600 29
nine swine

Laurie
    $1600 10
Lake Tahoe

Ben
    $1600 7
straight sets

Triple Stumper
    $1600 15
Northanger Abbey

Triple Stumper
    $1600 24
(Laurie: What is camera?)

a stuntman or a stuntwoman

Laurie
Triple Stumper
    $2000 21
Spain

Ben
    $2000 30
Bolivia trivia

Triple Stumper
    $2000 11
New Hampshire

Triple Stumper
    $2000 8
the skyhook

Triple Stumper
    $800 16
(Cameron: Who is Austen?)
(Alex: No, who is [*]? You had to think of Little Women, Jo being one of the girls in that novel.)

Louisa May Alcott

Cameron
    $2000 25
(Cameron: What are accounts?)

acquisition

BenCameron

Scores at the end of the Double Jeopardy! Round:

Laurie Ben Cameron
$8,200 $16,400 $5,400
(lock-tie game)

Final Jeopardy! Round responses

SOCIAL MEDIA
(Alex: It was a reference to a political event and I'm sure all three of you came up with the correct response.)
...
(Alex: Four [*] referring to the reelection of President Obama.)
CameronWhat is more years?
$5,400
LaurieWhat is more years?
$5,200
BenWhat is more years?
$0
more years

Final scores:

Laurie Ben Cameron
$13,400 $16,400 $10,800
2nd place: $5,000 if eliminated Automatic semifinalist 3rd place: $5,000 if eliminated

Game dynamics:

Coryat scores:

Laurie Ben Cameron
$8,000 $16,400 $5,800
13 R
(including 1 DD),
1 W
18 R,
0 W
17 R
(including 1 DD),
7 W
(including 1 DD)

Combined Coryat: $30,200

[game clues] [game scores] [suggest correction]

Game tape date: 2014-01-07
The J! Archive is created by fans, for fans. Scraping, republication, monetization, and malicious use prohibited; this site may use cookies and collect identifying information. See terms. The Jeopardy! game show and all elements thereof, including but not limited to copyright and trademark thereto, are the property of Jeopardy Productions, Inc. and are protected under law. This website is not affiliated with, sponsored by, or operated by Jeopardy Productions, Inc. Join the discussion at JBoard.tv.